• 首页
  • 本馆介绍
  • 公告通知
  • 最新文献
  • 馆藏检索
  • 电子资源
  • 读者导购
  • 参考咨询
  • 我的图书馆
  • 登录
  • 详细信息显示
  • 放入我的书架
  • 预约/预借图书
  • 作者相关作品
  • 分类相关作品
  • 丛书相关作品
  • 出版社相关作品

书目信息

  • 表格格式
  • 工作单格式
  • 卡片格式
题名:
晶石的能量
    
 
作者: 西蒙
分册:  
出版信息: 台北   江津文化出版社  2016.01
页数: 285页
开本: 26cm
丛书名:
单 册:
中图分类: P578.4
科图分类:
主题词: 矿物学P58
电子资源:
ISBN: 978-7-5459-1006-3
000 00563nam0 2200205 450
001 3622
005 20160926151533.03
010    @a978-7-5459-1006-3@b平装@dCNY58.00
100    @a20151001d2016 km y0chiy0120 ea
101 0  @achi
102    @aCN@b710000
200 1  @a晶石的能量@Ajing shi de neng liang@f(英)西蒙@F(ying)xi meng
210    @a台北@c江津文化出版社@d2016.01
215    @a285页@d26cm
330    @a水晶介绍
606 0  @a矿物学P58
690    @aP578.4@v4
701  0 @a西蒙@Axi meng
801  0 @aCN@b唐山师范学院图书馆@c20151001
905    @aZUCC@dP578.4@e116
    
    晶石的能量/(英)西蒙.-台北:江津文化出版社,2016.01
    285页;26cm
    
    
    ISBN 978-7-5459-1006-3(平装):CNY58.00
    水晶介绍
●
相关链接 在E读中查询图书 在五车中查询图书 在当当中查询图书 在豆瓣中查询图书


正题名:晶石的能量     索取号:P578.4/116         预约/预借

序号 登录号 条形码 馆藏地/架位号 状态 备注
1 906016   209060166   第二样本阅览室/ [索取号:P578.4/116] 在馆    
2 906017   209060175   第三借阅区/ [索取号:P578.4/116] 已借出,限还日期为2018.11.16
借出人:张舒  
 
3 906018   209060184   第三借阅区/ [索取号:P578.4/116] 在馆    
4 906019   209060193   第三借阅区/ [索取号:P578.4/116] 在馆    
5 906020   209060200   第三借阅区/ [索取号:P578.4/116] 在馆    
唐山师范学院图书馆 欢迎您!
大连网信软件有限公司© 版权所有